000 00621nam a2200205Ia 4500
005 20250923144406.0
008 008 250917s9999 xx 000 0 eng d
037 _aReports
040 _aDSWL
_beng
_cDSWL
041 _aeng
_2eng
084 _aX9F551:9t2:N44, H6
_qDSWL
100 _aDashpande, S.R
_9824419
245 0 _aRepoart on an inquary into condation of labour in the coal mining industry in India
_cby S.R Dashpande
260 _aDelhi
_c1946
300 _a197 p.
365 _aINR
_b2.8
925 _g2.8
942 _cREP
_hX9F551:9t2:N44, H6
999 _c1438273
_d1438273